| 000 | 00765cam6a220025300 4500 | ||
|---|---|---|---|
| 001 | qce01667109 | ||
| 005 | 20190823112230.0 | ||
| 008 | 730117s1960 nyua b 001 0 eng | ||
| 010 | _a 60006445 /L | ||
| 035 | _a(Sirsi) r15203 | ||
| 035 | _a(QCAT)lss00373776 | ||
| 035 | _a(UPRA)qce01667109 | ||
| 040 | _dUPRA | ||
| 050 | 0 |
_aQD251 _b.W49 1960 |
|
| 082 | _a547 | ||
| 100 | 1 |
_aWheland, George Willard, 1907- _dWheland, George Willard, 1907- _6A46397.1 |
|
| 245 | 1 | 0 |
_aAdvanced organic chemistry / _cG.W. Wheland. |
| 250 | _a3rd ed. | ||
| 260 |
_aNew York : _bWiley, _cc1960. |
||
| 504 | _aIncludes bibliographical references and indexes. | ||
| 650 | 0 |
_aChemistry, Organic. _6S95.2 |
|
| 949 |
_aQD251 _wlcc _i-9624 _mMAIN _tBOOK _lON-SHELF |
||
| 004 | 15203 | ||
| 999 |
_c152926 _d152926 |
||